Liberalization's children : (Record no. 47980)

MARC details
000 -LEADER
fixed length control field 01176cam a2200289 a 4500
005 - DATE AND TIME OF LATEST TRANSACTION
control field 20100618172916.0
008 - FIXED-LENGTH DATA ELEMENTS--GENERAL INFORMATION
fixed length control field 090814s2009 ncu b 001 0 eng c
010 ## - LCCN (DPL NO)
LC control number ENG-101573
020 ## - INTERNATIONAL STANDARD BOOK NUMBER
International Standard Book Number 9788125040071
Terms of availability 399.00
035 ## - SYSTEM CONTROL NUMBER
System control number EN-85106
037 ## - SOURCE OF ACQUISITION
Source of stock number/acquisition DBAD/PUB
040 ## - CATALOGING SOURCE
Original cataloging agency dpl
Language of cataloging English
082 00 - DEWEY DECIMAL CLASSIFICATION NUMBER
Classification number 305.2350954
100 1# - MAIN ENTRY--PERSONAL NAME
Personal name Lukose, Ritty A.
Dates associated with a name 1968-
9 (RLIN) 22392
245 10 - TITLE STATEMENT
Title Liberalization's children :
Remainder of title gender, youth, and consumer citizenship in globalizing India /
Statement of responsibility, etc by Ritty A. Lukose
260 ## - PUBLICATION, DISTRIBUTION, ETC. (IMPRINT)
Place of publication, distribution, etc New Delhi
Name of publisher, distributor, etc Orient Blackswan
Date of publication, distribution, etc 2010
270 ## - ADDRESS
Address 1/24 Asaf Ali Road
City New Delhi
Postal code 110002
300 ## - PHYSICAL DESCRIPTION
Extent xiii, 284p.
Dimensions 24cm (pbk)
500 ## - GENERAL NOTE
General note Includes bibliographical references and index.
650 #0 - SUBJECT ADDED ENTRY--TOPICAL TERM
Topical term or geographic name as entry element Youth
Geographic subdivision India.
9 (RLIN) 22393
650 #0 - SUBJECT ADDED ENTRY--TOPICAL TERM
Topical term or geographic name as entry element Consumption (Economics)
Geographic subdivision India.
9 (RLIN) 22394
650 #0 - SUBJECT ADDED ENTRY--TOPICAL TERM
Topical term or geographic name as entry element Globalization
Geographic subdivision India.
9 (RLIN) 22395
651 #0 - SUBJECT ADDED ENTRY--GEOGRAPHIC NAME
Geographic name India
General subdivision Economic conditions
Chronological subdivision 21st century.
9 (RLIN) 22396
942 ## - ADDED ENTRY ELEMENTS (KOHA)
Source of classification or shelving scheme Dewey Decimal Classification
Item type English Books
Classification part 305.2350954
Call number suffix LUK
Holdings
Withdrawn status Lost status Source of classification or shelving scheme Damaged status Not for loan Collection code Home library Current library Date acquired Source of acquisition Cost, normal purchase price Total Checkouts Full call number Barcode Date last seen Copy number Cost, replacement price Koha item type
    Dewey Decimal Classification   Not For Loan Non-fiction D.B.Act.Division D.B.Act.Division 29/09/2010 DBAD/PUB 399.00   305.2350954 LUK EN-85106 29/09/2010 1 399.00 English Books

© Delhi Public Library
Hit Counter
free hit counter